[Event "45th IT Bosna 2015"]
[Site "Sarajevo"]
[Date "2015.05.31"]
[Round "2.35"]
[White "Musovic, Sabrija"]
[Black "Gavranovic, Tahir"]
[Result "1/2-1/2"]
[WhiteElo "2043"]
[BlackElo "1889"]
[PlyCount "137"]
[EventDate "2015.05.30"]

1. e4 c5 2. Nf3 Nc6 3. d4 cxd4 4. Nxd4 e5 5. Nf5 d6 6. Nc3 Bxf5 7. exf5 Nge7 8.
Bg5 a6 9. f6 gxf6 10. Bxf6 Rg8 11. Qh5 Qb6 12. O-O-O O-O-O 13. Bxe7 Bxe7 14.
Qxf7 Rdf8 15. Qe6+ Kb8 16. Ne4 Rg6 17. Qh3 Qb4 18. f3 Rc8 19. c3 Qa4 20. Qxh7
Nb4 21. Rd2 Qxa2 22. Kd1 Qb1+ 23. Ke2 Nc2 24. Qxg6 Qe1+ 25. Kd3 Na1 26. g3 d5
27. Bg2 dxe4+ 28. Qxe4 Rd8+ 29. Qd4 Qxd2+ 30. Kxd2 Nb3+ 31. Kc2 Nxd4+ 32. cxd4
Rxd4 33. Re1 Bf6 34. b3 b5 35. Re3 Rd6 36. h4 Kc7 37. Rc3+ Kb6 38. Rc8 a5 39.
Rb8+ Kc5 40. Bf1 Rb6 41. Rxb6 Kxb6 42. Kd3 Kc5 43. Bh3 Kd6 44. Bc8 a4 45. bxa4
bxa4 46. Kc4 Be7 47. Bf5 a3 48. Kb3 Kd5 49. h5 Bg5 50. Kxa3 Kd6 51. Kb4 Ke7 52.
Kc5 Kf6 53. Be4 Bh6 54. Kd5 Bg5 55. Bg6 Bh6 56. Kd6 Bf8+ 57. Kd7 Bh6 58. Ke8
Ke6 59. g4 Kf6 60. Bf7 Bg7 61. Bd5 Bh6 62. Be4 Ke6 63. g5 Bxg5 64. Kf8 Kf6 65.
Kg8 Bh6 66. Kh7 Kg5 67. Bg6 Bf8 68. Kg8 Bh6 69. Kf7 1/2-1/2

[Event "45th IT Bosna 2015"]
[Site "Sarajevo"]
[Date "2015.05.31"]
[Round "2.36"]
[White "Markovic, Dino"]
[Black "Osmanovic, Faruk"]
[Result "1-0"]
[WhiteElo "1905"]
[BlackElo "2042"]
[PlyCount "151"]
[EventDate "2015.05.30"]

1. d4 d5 2. c4 c6 3. cxd5 cxd5 4. Nc3 Nf6 5. Nf3 Nc6 6. Bf4 Ne4 7. e3 Nxc3 8.
bxc3 e6 9. Bd3 Bd6 10. Bxd6 Qxd6 11. O-O O-O 12. c4 dxc4 13. Bxc4 Bd7 14. Rb1
Rac8 15. Bd3 Rc7 16. Bxh7+ Kxh7 17. Ng5+ Kg6 18. Ne4 Qd5 19. Qg4+ Kh6 20. Qf4+
g5 21. Qxc7 Qxe4 22. Qxd7 Nd8 23. Qe7 Rg8 24. Qf6+ Kh7 25. Rb5 Qg6 26. Qxg6+
Kxg6 27. h3 Re8 28. Rc1 Re7 29. Rc8 Rd7 30. Rbc5 Nc6 31. Rg8+ Kf6 32. g3 e5 33.
dxe5+ Nxe5 34. Kg2 Rd2 35. Rxe5 Kxe5 36. Rxg5+ Kf6 37. Ra5 a6 38. h4 Rd6 39. a4
Rd2 40. g4 Ra2 41. Kg3 Kg7 42. Rg5+ Kh7 43. a5 Rb2 44. f4 b5 45. axb6 Rxb6 46.
Rf5 Rb7 47. h5 Ra7 48. Ra5 Ra8 49. g5 Kg7 50. Kg4 Re8 51. Rxa6 Rxe3 52. h6+ Kg8
53. Ra8+ Kh7 54. Ra7 Kg8 55. h7+ Kh8 56. Kf5 Re6 57. Rd7 Ra6 58. Re7 Rb6 59.
Kg4 f5+ 60. Kf3 Rb7 61. Re5 Rf7 62. g6 Rf8 63. Re7 Ra8 64. Re5 Kg7 65. Rxf5
Kxg6 66. Ra5 Rh8 67. Ra7 Kf5 68. Kg3 Kg6 69. Kg4 Rb8 70. Rb7 Re8 71. f5+ Kf6
72. Kh5 Kxf5 73. Rf7+ Ke6 74. Kg6 Ra8 75. Rf1 Ke5 76. Kg7 1-0

[Event "45th IT Bosna 2015"]
[Site "Sarajevo"]
[Date "2015.05.31"]
[Round "2.37"]
[White "Jelen, Darko"]
[Black "Mahmutbegovic, Muharem"]
[Result "1-0"]
[WhiteElo "2039"]
[BlackElo "1856"]
[PlyCount "107"]
[EventDate "2015.05.30"]

1. e4 e5 2. Nf3 Nc6 3. Bb5 a6 4. Ba4 Nf6 5. d3 d6 6. Bg5 Bd7 7. O-O Be7 8. c3
h6 9. Bxf6 Bxf6 10. Re1 Ne7 11. Bxd7+ Qxd7 12. Nbd2 Ng6 13. Nc4 O-O 14. Ne3 c6
15. Nf5 Rad8 16. g3 d5 17. Qb3 Qc7 18. Rad1 dxe4 19. dxe4 Ne7 20. N3h4 Bxh4 21.
Nxh4 b6 22. Qc4 a5 23. Qe2 Rxd1 24. Rxd1 Rd8 25. Rd3 g6 26. Nf3 Rxd3 27. Qxd3
b5 28. b3 b4 29. cxb4 axb4 30. Qd2 c5 31. Qxh6 Nc6 32. Ng5 Nd4 33. Qh7+ Kf8 34.
Qh8+ Ke7 35. Nh7 Ne2+ 36. Kf1 Nc3 37. Qa8 Qd7 38. Qf8+ Ke6 39. Ng5+ Kf6 40. h4
Nxa2 41. Qh8+ Ke7 42. Qxe5+ Kd8 43. Qxc5 Qd3+ 44. Kg2 Qxb3 45. e5 Nc3 46. Qf8+
Kd7 47. Nxf7 Qd5+ 48. Kh2 Qf3 49. e6+ Kc7 50. Qc5+ Kb8 51. Qxb4+ Ka8 52. Qf8+
Ka7 53. Qc5+ Ka8 54. Nd6 1-0

[Event "45th IT Bosna 2015"]
[Site "Sarajevo"]
[Date "2015.05.31"]
[Round "2.38"]
[White "Rozic, Slaven"]
[Black "Medic, Nevenko"]
[Result "0-1"]
[WhiteElo "1891"]
[BlackElo "2038"]
[PlyCount "106"]
[EventDate "2015.05.30"]

1. d4 d5 2. c4 Nf6 3. cxd5 Nxd5 4. e4 Nf6 5. Nc3 c6 6. Nf3 Bg4 7. Be2 e6 8. O-O
Be7 9. Be3 O-O 10. Qb3 Qb6 11. Qc2 Qd8 12. Rfd1 Qc8 13. Rac1 Rd8 14. a3 Nbd7
15. e5 Nd5 16. Nxd5 exd5 17. Ng5 Nf8 18. h3 Bxe2 19. Qxe2 h6 20. Nf3 Re8 21.
Qd3 Qd7 22. Nd2 f5 23. f4 g6 24. Kh2 Kh7 25. Rg1 Ne6 26. g4 Ng7 27. Rg2 Rg8 28.
Nb3 Raf8 29. Nd2 b6 30. Qc2 c5 31. dxc5 d4 32. c6 Qd5 33. Qd3 Ne6 34. c7 Qb7
35. Qc4 dxe3 36. Qxe6 exd2 37. Rxd2 Rg7 38. c8=Q Rxc8 39. Rxc8 Qf3 40. Rc4 Bc5
41. Qd5 Qe3 42. Rg2 fxg4 43. hxg4 Qe1 44. Rc3 Be3 45. Rxe3 Qxe3 46. Qd2 Qc5 47.
Rg3 Qe7 48. Qe2 Qe6 49. Rd3 Rc7 50. Kg3 Kg7 51. Qe4 h5 52. Rd6 Qxg4+ 53. Kf2
Rc1 0-1

[Event "45th IT Bosna 2015"]
[Site "Sarajevo"]
[Date "2015.05.31"]
[Round "2.39"]
[White "Dedebas, Emre Emin"]
[Black "Becirbasic, Atif"]
[Result "1/2-1/2"]
[WhiteElo "2036"]
[BlackElo "1843"]
[PlyCount "84"]
[EventDate "2015.05.30"]

1. d4 Nf6 2. Nf3 g6 3. c4 Bg7 4. Nc3 O-O 5. e4 d6 6. h3 e5 7. dxe5 dxe5 8. Be3
c6 9. Qxd8 Rxd8 10. c5 Be6 11. Ng5 Re8 12. Nxe6 Rxe6 13. Bc4 Re8 14. O-O-O Nbd7
15. g4 h6 16. b4 a5 17. a3 axb4 18. axb4 Nf8 19. Kb2 Ne6 20. Bxe6 Rxe6 21. Rd2
Ree8 22. Rhd1 g5 23. f3 Kf8 24. Ne2 Ra4 25. Kb3 Rea8 26. Rd8+ Rxd8 27. Rxd8+
Ke7 28. Rb8 Ra7 29. Ng3 Kd7 30. b5 Kc7 31. b6+ Kxb8 32. bxa7+ Kxa7 33. Nf5 Bf8
34. h4 Nh7 35. Kc4 Kb8 36. Kb3 Kc7 37. Kc4 Kd7 38. h5 Nf6 39. Bd2 Ne8 40. Ba5
f6 41. Bb6 Kc8 42. Ba5 Kd7 1/2-1/2

[Event "45th IT Bosna 2015"]
[Site "Sarajevo"]
[Date "2015.05.31"]
[Round "2.40"]
[White "Vujicic, Dragisa"]
[Black "Luetic, Ante"]
[Result "1-0"]
[WhiteElo "1866"]
[BlackElo "2035"]
[PlyCount "107"]
[EventDate "2015.05.30"]

1. e4 c6 2. d4 d5 3. e5 c5 4. c3 Nc6 5. Nf3 Bg4 6. dxc5 e6 7. Be3 Nge7 8. Nbd2
Qc7 9. Qa4 h5 10. b4 Ng6 11. Bb5 Bxf3 12. Nxf3 Be7 13. O-O O-O 14. Bxc6 bxc6
15. Bd4 a5 16. Qc2 axb4 17. cxb4 Ra3 18. Bb2 Ra7 19. Rfe1 Rfa8 20. a3 Rb7 21.
Qe2 Kf8 22. g3 h4 23. Kg2 Ke8 24. Bc3 Rba7 25. Qb2 Rb8 26. Qc2 Rba8 27. Bb2 Qc8
28. Qd3 Rb8 29. Bd4 Kd7 30. Reb1 Ra4 31. Bb2 Ke8 32. Qd4 Qa6 33. gxh4 Qd3 34.
h5 Qxd4 35. Bxd4 Nf4+ 36. Kf1 Nxh5 37. Ke2 f6 38. Ke3 Rba8 39. Bb2 fxe5 40.
Nxe5 Bg5+ 41. Kf3 Bf6 42. Kg4 Bxe5 43. Bxe5 Nf6+ 44. Bxf6 gxf6 45. Rb3 e5 46.
Kf5 Kf7 47. Rh3 Rxb4 48. axb4 Rxa1 49. Rh7+ Kg8 50. Rc7 Ra2 51. Kxf6 Rxf2+ 52.
Kxe5 Re2+ 53. Kd6 d4 54. Kxc6 1-0

[Event "45th IT Bosna 2015"]
[Site "Sarajevo"]
[Date "2015.05.31"]
[Round "2.41"]
[White "Pestek, Elvis"]
[Black "Okuyaz, Duru"]
[Result "1-0"]
[WhiteElo "2035"]
[BlackElo "1835"]
[PlyCount "93"]
[EventDate "2015.05.30"]

1. e4 c5 2. Nf3 e6 3. d4 cxd4 4. Nxd4 Nf6 5. Nc3 Nc6 6. Ndb5 Bb4 7. a3 Bxc3+ 8.
Nxc3 d5 9. exd5 exd5 10. Bd3 O-O 11. O-O d4 12. Ne2 Bg4 13. f3 Bh5 14. Nf4 Bg6
15. Nxg6 hxg6 16. Re1 Qb6 17. b3 Nd5 18. Bg5 Rfe8 19. Qd2 Ne3 20. Re2 f6 21.
Bh4 g5 22. Bg3 f5 23. f4 g4 24. Bf2 g5 25. g3 gxf4 26. gxf4 Re7 27. Rae1 Rae8
28. Bh4 Rh7 29. Bg3 Ne7 30. Bf2 Rh3 31. Bc4+ Kg7 32. c3 g3 33. Bxg3 Nxc4 34.
bxc4 dxc3+ 35. Qe3 Kf7 36. c5 Qb3 37. c6 Rhh8 38. cxb7 Nc6 39. Qd3 Rxe2 40.
Qxf5+ Kg8 41. Qg6+ Kf8 42. Qf6+ Kg8 43. Rxe2 Qb1+ 44. Kg2 Ne7 45. Qxe7 c2 46.
Qg5+ Kf8 47. Qf6+ 1-0

[Event "45th IT Bosna 2015"]
[Site "Sarajevo"]
[Date "2015.05.31"]
[Round "2.42"]
[White "Agic, Ahmed"]
[Black "Aleksic, Neven"]
[Result "0-1"]
[WhiteElo "1843"]
[BlackElo "2034"]
[PlyCount "36"]
[EventDate "2015.05.30"]

1. d4 Nf6 2. c4 e6 3. Nc3 Bb4 4. Qc2 O-O 5. Bg5 c5 6. e3 h6 7. Bh4 cxd4 8. exd4
b6 9. Bd3 Bb7 10. f3 Nc6 11. Nge2 e5 12. d5 Nd4 13. O-O Nxe2+ 14. Bxe2 g5 15.
Bg3 d6 16. h4 Rc8 17. b3 Nh5 18. hxg5 Nxg3 0-1

[Event "45th IT Bosna 2015"]
[Site "Sarajevo"]
[Date "2015.05.31"]
[Round "2.43"]
[White "Bucevac, Ljubisa"]
[Black "Smaka, Faruk"]
[Result "1-0"]
[WhiteElo "2031"]
[BlackElo "1827"]
[PlyCount "65"]
[EventDate "2015.05.30"]

1. e4 e5 2. Nf3 Nc6 3. Nc3 Nf6 4. d4 exd4 5. Nd5 Be7 6. Bf4 d6 7. Nxd4 Bg4 8.
f3 Bh5 9. Bb5 O-O 10. Bxc6 Nxd5 11. Bxd5 c6 12. Bb3 Bf6 13. O-O Qb6 14. Be3
Rfe8 15. Nf5 Qa6 16. Bd4 Rxe4 17. Bxf6 gxf6 18. Ng3 Qb6+ 19. Kh1 Rd4 20. Qe1
Bg6 21. Qe7 Qd8 22. Qxb7 a5 23. Ne4 a4 24. c3 Rxe4 25. Bxf7+ Bxf7 26. fxe4 Bc4
27. Rxf6 Rb8 28. Qa7 Rxb2 29. Qd4 d5 30. Rxc6 Bxa2 31. e5 Qb8 32. Qg4+ Kf7 33.
Rf1+ 1-0

[Event "45th IT Bosna 2015"]
[Site "Sarajevo"]
[Date "2015.05.31"]
[Round "2.44"]
[White "Budisavljevic, Luka"]
[Black "Miladinovic, Zlatko"]
[Result "1-0"]
[WhiteElo "1835"]
[BlackElo "2029"]
[PlyCount "67"]
[EventDate "2015.05.30"]

1. d4 c6 2. c4 d5 3. Nf3 Bf5 4. cxd5 Bxb1 5. Rxb1 Qxd5 6. b3 e6 7. e3 Nf6 8.
Bc4 Qh5 9. Qc2 Nbd7 10. O-O Bd6 11. e4 e5 12. Re1 O-O 13. Bb2 Rfe8 14. Rbd1
Rad8 15. Be2 exd4 16. Rxd4 Qc5 17. Rc4 Qb6 18. Bf1 Ne5 19. Nxe5 Bxe5 20. Bxe5
Rxe5 21. Qb2 Rde8 22. Bd3 Nd5 23. Bb1 f5 24. Kh1 f4 25. Rd1 Nf6 26. f3 Rh5 27.
Qd4 Qxd4 28. Rcxd4 Rhe5 29. Bd3 Kf8 30. a3 Nd5 31. exd5 g5 32. dxc6 bxc6 33.
Be4 c5 34. Rd7 1-0

[Event "45th IT Bosna 2015"]
[Site "Sarajevo"]
[Date "2015.05.31"]
[Round "2.45"]
[White "Marinc, Damir"]
[Black "Arda, Cagil Irmak"]
[Result "1-0"]
[WhiteElo "2021"]
[BlackElo "1822"]
[PlyCount "159"]
[EventDate "2015.05.30"]

1. e4 c6 2. d4 d5 3. exd5 cxd5 4. Bd3 Nc6 5. c3 Nf6 6. f3 g6 7. Ne2 Bg7 8. O-O
Bf5 9. Bxf5 gxf5 10. Ng3 e6 11. Re1 O-O 12. Kh1 Ne7 13. Bg5 h6 14. Bd2 Ng6 15.
Na3 Kh7 16. Nc2 Rg8 17. Nb4 Bf8 18. Nd3 Bd6 19. Ne2 Nh5 20. g3 Qc7 21. Rg1 Qe7
22. Qf1 f4 23. Qh3 Qg5 24. gxf4 Qh4 25. Qg4 f5 26. Qxh4 Nxh4 27. Ne1 Rac8 28.
a4 Rxg1+ 29. Kxg1 Kg7 30. Kf2 Kf6 31. Ng2 Ng6 32. Ke3 Rc6 33. Kd3 Rb6 34. Ra2
Ke7 35. Kc2 Rc6 36. b3 Kd7 37. a5 Bc7 38. Ra4 Bb8 39. Kd3 b6 40. c4 dxc4+ 41.
bxc4 bxa5 42. Rxa5 Rb6 43. Kc2 Rc6 44. Ra4 Nf6 45. Nc3 Nh5 46. d5 exd5 47. Nxd5
Ng7 48. Be3 Ne6 49. Nf6+ Kc8 50. Nd5 Kd7 51. h4 Nc5 52. Rb4 Na6 53. Ra4 Nc5 54.
Ra1 Ne6 55. Kd3 Nc5+ 56. Bxc5 Rxc5 57. Ra6 Rc6 58. Rxc6 Kxc6 59. h5 Nf8 60.
Ne7+ Kc5 61. Nxf5 Ne6 62. Nxh6 Nxf4+ 63. Nxf4 Bxf4 64. Nf7 a5 65. h6 Bxh6 66.
Nxh6 a4 67. Kc3 a3 68. f4 a2 69. Kb2 Kxc4 70. f5 Kd5 71. f6 Ke6 72. f7 Ke7 73.
Kxa2 Kf8 74. Kb3 Ke7 75. Kc4 Kf8 76. Kd5 Ke7 77. Ke5 Kf8 78. Ke6 Kg7 79. Ke7
Kh7 80. f8=R 1-0

[Event "45th IT Bosna 2015"]
[Site "Sarajevo"]
[Date "2015.05.31"]
[Round "2.46"]
[White "Janjic, Nikola"]
[Black "Sitnic, Adnan"]
[Result "0-1"]
[WhiteElo "1831"]
[BlackElo "2014"]
[PlyCount "64"]
[EventDate "2015.05.30"]

1. c4 d6 2. Nc3 e5 3. g3 f5 4. Bg2 Nf6 5. e3 c6 6. Nge2 Be6 7. b3 Na6 8. a3 Be7
9. Bb2 O-O 10. O-O d5 11. cxd5 cxd5 12. d4 e4 13. Rc1 Nc7 14. Na4 b6 15. Qd2
Bd7 16. Nac3 Bd6 17. Rc2 Qe7 18. Nb1 Nb5 19. a4 Nc7 20. Rfc1 Na6 21. Bc3 g5 22.
Bf1 Nh5 23. Nf4 gxf4 24. Bxa6 f3 25. Bb7 Qe6 26. Bxa8 Rxa8 27. Qe1 Kh8 28. Bb4
Bxb4 29. Qxb4 f4 30. exf4 Rg8 31. Kf1 Nxf4 32. gxf4 e3 0-1

[Event "45th IT Bosna 2015"]
[Site "Sarajevo"]
[Date "2015.05.31"]
[Round "2.47"]
[White "Omanovic, Vahidin"]
[Black "Johnen, Franz"]
[Result "1/2-1/2"]
[WhiteElo "2013"]
[BlackElo "1717"]
[PlyCount "102"]
[EventDate "2015.05.30"]

1. e4 c5 2. b3 Nc6 3. Bb2 e6 4. g3 d6 5. Bg2 e5 6. Ne2 Nf6 7. O-O Be7 8. Nbc3
O-O 9. f4 Bg4 10. h3 Bxe2 11. Nxe2 Qc7 12. Nc3 Rad8 13. d3 a6 14. a4 Nd4 15.
Rc1 b5 16. Qe1 b4 17. Nd1 a5 18. Ne3 Qa7 19. Kh2 g6 20. f5 Kg7 21. g4 g5 22.
Qd2 h6 23. Rf2 Rh8 24. Rcf1 Rh7 25. Bf3 Rdh8 26. Rg2 Nxf3+ 27. Rxf3 h5 28. gxh5
Rxh5 29. Rfg3 Kf8 30. Rxg5 Rxh3+ 31. Kg1 c4 32. R5g3 c3 33. Bxc3 bxc3 34. Qxc3
Qb6 35. Kf1 Rxg3 36. Rxg3 Rg8 37. Nc4 Qc5 38. Rxg8+ Kxg8 39. Qxa5 Qxa5 40. Nxa5
d5 41. Nc6 Bd6 42. a5 dxe4 43. b4 exd3 44. cxd3 Nd5 45. a6 Nb6 46. Ke2 f6 47.
Kf3 Kf8 48. Ke4 Ke8 49. b5 Kd7 50. d4 exd4 51. Kxd4 Bc7 1/2-1/2

[Event "45th IT Bosna 2015"]
[Site "Sarajevo"]
[Date "2015.05.31"]
[Round "2.48"]
[White "Hamzic, Adil"]
[Black "Popic, Boris"]
[Result "0-1"]
[WhiteElo "1823"]
[BlackElo "2009"]
[PlyCount "60"]
[EventDate "2015.05.30"]

1. e4 c5 2. Nf3 d6 3. d4 cxd4 4. Nxd4 Nf6 5. Nc3 a6 6. Bd3 e6 7. Be3 Be7 8. f3
O-O 9. Qd2 b5 10. a3 Bb7 11. O-O-O Nbd7 12. Rhe1 d5 13. exd5 Nxd5 14. Nxd5 Bxd5
15. Kb1 Ne5 16. Be4 Nc4 17. Qf2 Rc8 18. Bxd5 exd5 19. Rd3 Re8 20. Bd2 Bc5 21.
Rd1 a5 22. Qg3 b4 23. Bg5 Qb6 24. Nf5 bxa3 25. Rb3 Qg6 26. Rxd5 Qe6 27. Be3 Bf8
28. Rbd3 axb2 29. Rxa5 Nxa5 30. Nh6+ Kh8 0-1

[Event "45th IT Bosna 2015"]
[Site "Sarajevo"]
[Date "2015.05.31"]
[Round "2.49"]
[White "Jovovic, Milan"]
[Black "Maksimovic, Masa"]
[Result "1/2-1/2"]
[WhiteElo "1991"]
[BlackElo "1702"]
[PlyCount "250"]
[EventDate "2015.05.30"]

1. d4 Nf6 2. c4 g6 3. Nc3 Bg7 4. Bg5 O-O 5. Nf3 d6 6. e3 Nbd7 7. Be2 c6 8. Qd2
a6 9. O-O b5 10. a3 h6 11. Bh4 Nb6 12. b3 g5 13. Bg3 bxc4 14. Bxc4 Nxc4 15.
bxc4 Bf5 16. Rfe1 Ne4 17. Nxe4 Bxe4 18. Qe2 Qa5 19. h4 Rab8 20. hxg5 hxg5 21.
c5 Rbd8 22. Nxg5 Bg6 23. Rac1 Qxa3 24. cxd6 exd6 25. Rxc6 Rfe8 26. Qxa6 Qxa6
27. Rxa6 Bxd4 28. Rxd6 Rxd6 29. Bxd6 Bf6 30. Bf4 Rc8 31. Nf3 Rc2 32. Be5 Be7
33. Ra1 f6 34. Bg3 Rc4 35. Ra8+ Kf7 36. Ra7 Ke8 37. Nd4 Bc5 38. Rc7 Bd3 39. Ne6
Bb6 40. Rxc4 Bxc4 41. Ng7+ Kf7 42. Nf5 Kg6 43. Nh4+ Kg5 44. Nf3+ Kf5 45. Bf4
Be2 46. Nd2 Bd3 47. Nf1 Ke6 48. f3 f5 49. Ng3 Bd8 50. Nf1 Ba5 51. Kf2 Bb6 52.
Ng3 Bb5 53. Ne2 Bd7 54. Bh6 Bc5 55. Bg7 Kf7 56. Bd4 Be7 57. Nc3 Bc6 58. e4 fxe4
59. Nxe4 Ke6 60. Ke3 Bf8 61. g4 Bh6+ 62. f4 Be8 63. Kf3 Bg6 64. Ng3 Bc2 65. f5+
Kf7 66. Ne4 Bd1+ 67. Kg3 Bc2 68. Nd6+ Ke7 69. Nc4 Bg5 70. Be3 Bf6 71. Bf4 Kf7
72. Ne3 Be4 73. g5 Bxf5 74. Nxf5 Bxg5 75. Bxg5 Ke6 76. Kf4 Kd7 77. Ke5 Kc7 78.
Kd5 Kd7 79. Bf4 Kc8 80. Kc6 Kd8 81. Bd6 Kc8 82. Be5 Kd8 83. Bb8 Kc8 84. Be5 Kd8
85. Kd6 Kc8 86. Ne7+ Kb7 87. Nc6 Ka8 88. Nd8 Kb8 89. Kc6+ Ka8 90. Kc7 Ka7 91.
Nb7 Ka8 92. Nd6 Ka7 93. Nc8+ Ka8 94. Nb6+ Ka7 95. Nd5 Ka8 96. Nb4 Ka7 97. Nc6+
Ka8 98. Nd4 Ka7 99. Kc8 Ka8 100. Bc7 Ka7 101. Nb5+ Ka8 102. Kd7 Kb7 103. Nd4
Ka8 104. Nb3 Kb7 105. Na5+ Ka7 106. Kc8 Ka8 107. Be5 Ka7 108. Nc6+ Ka8 109. Nb4
Ka7 110. Bc7 Ka8 111. Nd3 Ka7 112. Nc5 Ka8 113. Nd7 Ka7 114. Bb8+ Ka6 115. Kc7
Kb5 116. Ba7 Kc4 117. Kc6 Kd3 118. Kd5 Ke2 119. Ke4 Kf1 120. Kf3 Ke1 121. Ne5
Kf1 122. Be3 Ke1 123. Nd3+ Kf1 124. Nf2 Ke1 125. Ke4 Kf1 1/2-1/2

[Event "45th IT Bosna 2015"]
[Site "Sarajevo"]
[Date "2015.05.31"]
[Round "2.50"]
[White "Nestorovic, Katarina"]
[Black "Delic, Jasmin"]
[Result "1-0"]
[WhiteElo "1764"]
[BlackElo "1987"]
[PlyCount "99"]
[EventDate "2015.05.30"]

1. e4 c6 2. d4 d5 3. Nd2 dxe4 4. Nxe4 Bf5 5. Ng3 Bg6 6. f4 Nf6 7. Nf3 e6 8. c3
Be7 9. Bd3 O-O 10. Bxg6 hxg6 11. Ne5 Nbd7 12. h4 Nxe5 13. fxe5 Nh7 14. Qg4 c5
15. Qe4 cxd4 16. cxd4 Qb6 17. Ne2 Rac8 18. b3 Qc6 19. Qxc6 Rxc6 20. Be3 Rc2 21.
g4 Rfc8 22. Kf2 f5 23. g5 Nf8 24. Rhc1 Nd7 25. Rxc2 Rxc2 26. Rc1 Rxc1 27. Bxc1
Nb6 28. Nf4 Kf7 29. a4 Bb4 30. Ke3 Be1 31. h5 gxh5 32. g6+ Kg8 33. Nxe6 Nd5+
34. Ke2 Bc3 35. Kd3 Ba1 36. Nf4 Nb4+ 37. Kc4 Nc6 38. Be3 h4 39. Kc5 Bb2 40. e6
Ba3+ 41. Kc4 Kf8 42. d5 Ne5+ 43. Kb5 Ng4 44. Bc5+ Bxc5 45. Kxc5 Nf6 46. Kd6 Ke8
47. Kc7 Nxd5+ 48. Nxd5 h3 49. Kd6 h2 50. Nc7+ 1-0

[Event "45th IT Bosna 2015"]
[Site "Sarajevo"]
[Date "2015.05.31"]
[Round "2.51"]
[White "Colpa, Fahrudin"]
[Black "Pleh, Semir"]
[Result "0-1"]
[WhiteElo "1978"]
[BlackElo "1688"]
[PlyCount "200"]
[EventDate "2015.05.30"]

1. e4 e5 2. Nc3 g6 3. d4 Bg7 4. Nf3 exd4 5. Nxd4 Nf6 6. e5 Ng8 7. f4 Ne7 8. Bc4
Nbc6 9. Be3 O-O 10. O-O a6 11. Ne4 d6 12. e6 d5 13. Ng5 dxc4 14. exf7+ Kh8 15.
Nxc6 Qxd1 16. Raxd1 Nxc6 17. Bc5 Bg4 18. Bxf8 Rxf8 19. Rde1 h6 20. h3 Bd7 21.
Ne6 Rxf7 22. c3 Bxe6 23. Rxe6 Bf6 24. Rfe1 Kg7 25. R1e4 Rd7 26. Re2 Kf7 27.
R6e4 b5 28. Kf2 Re7 29. Kf3 Rxe4 30. Kxe4 Ke6 31. g4 Ne7 32. f5+ gxf5+ 33.
gxf5+ Kf7 34. Rd2 Ke8 35. Rh2 c6 36. h4 Nd5 37. h5 Kf7 38. Rg2 Bg5 39. Re2 Nf4
40. Rd2 Nd3 41. Rg2 Kf6 42. b3 Nf4 43. Rh2 cxb3 44. axb3 Nd5 45. Rc2 Ke7 46. c4
Nf6+ 47. Kd4 Kd7 48. Ra2 bxc4 49. bxc4 Nxh5 50. Rxa6 Bf6+ 51. Ke4 Kd6 52. Ra5
Ng3+ 53. Kf3 Nh5 54. Kg4 Ng7 55. Kf4 Bd4 56. Ke4 Bc3 57. c5+ Ke7 58. Ra6 Kd7
59. Ra7+ Kd8 60. Rf7 Ne8 61. Kd3 Be5 62. Kc4 Nf6 63. Kb4 Ke8 64. Ra7 h5 65. Ra2
Kf7 66. Re2 Ng4 67. Ka5 Bd4 68. Kb6 Ne5 69. Re4 Bc3 70. Rh4 Kf6 71. Rxh5 Bd2
72. Kc7 Be3 73. Kd6 Bf4 74. Rh7 Kxf5 75. Rh5+ Ke4 76. Rh1 Kd4 77. Rd1+ Kc4 78.
Rh1 Kd4 79. Rh4 Ke3 80. Rh7 Kd4 81. Ra7 Ke4 82. Ra1 Kf5 83. Ra4 Kg5 84. Re4 Kf5
85. Re2 Kf6 86. Rf2 Kf5 87. Rf1 Ke4 88. Ke6 Bg3 89. Rg1 Bf4 90. Rh1 Nd3 91. Rh5
Be5 92. Rh4+ Bf4 93. Rh5 Kd4 94. Kd7 Ne5+ 95. Kd6 Ke4 96. Ke6 Kd4 97. Rh1 Nd3
98. Kf5 Kxc5 99. Ke4 Kc4 100. Rh3 Nf2+ 0-1

[Event "45th IT Bosna 2015"]
[Site "Sarajevo"]
[Date "2015.05.31"]
[Round "2.52"]
[White "Can, Isil"]
[Black "Alic, Amir"]
[Result "1/2-1/2"]
[WhiteElo "1692"]
[BlackElo "1964"]
[PlyCount "66"]
[EventDate "2015.05.30"]

1. e4 d5 2. exd5 Nf6 3. d4 Nxd5 4. Nf3 Bg4 5. c3 e6 6. Bd3 Be7 7. O-O Nc6 8.
Re1 O-O 9. Nbd2 Bf6 10. Qc2 g6 11. h3 Bxf3 12. Nxf3 Re8 13. Ne5 Nxe5 14. dxe5
Bg7 15. f4 c6 16. Be4 Qb6+ 17. Qf2 Qc7 18. Be3 b6 19. Qf3 Bf8 20. Bxd5 exd5 21.
Bd4 c5 22. Bf2 Rad8 23. Rad1 d4 24. Kh1 dxc3 25. Qxc3 Rxd1 26. Rxd1 Rd8 27. Rd3
Bh6 28. Be3 Bg7 29. Qd2 Rxd3 30. Qxd3 g5 31. Qf5 gxf4 32. Bxf4 Qe7 33. Qc8+ Bf8
1/2-1/2

[Event "45th IT Bosna 2015"]
[Site "Sarajevo"]
[Date "2015.05.31"]
[Round "2.53"]
[White "Cabric, Izet"]
[Black "Krug, Franz-Dieter"]
[Result "1/2-1/2"]
[WhiteElo "1952"]
[BlackElo "1639"]
[PlyCount "29"]
[EventDate "2015.05.30"]

1. c4 g6 2. g3 Bg7 3. Bg2 c6 4. e3 Nf6 5. Nc3 O-O 6. Nge2 e6 7. b4 d5 8. Ba3
Re8 9. cxd5 Nxd5 10. O-O Nxc3 11. Nxc3 Bxc3 12. dxc3 Qxd1 13. Raxd1 Nd7 14. Rd4
Nf6 15. Rdd1 1/2-1/2

[Event "45th IT Bosna 2015"]
[Site "Sarajevo"]
[Date "2015.05.31"]
[Round "2.54"]
[White "Demic, Aleksandar"]
[Black "Haskovic, Salih"]
[Result "0-1"]
[WhiteElo "1673"]
[BlackElo "1942"]
[PlyCount "70"]
[EventDate "2015.05.30"]

1. e4 e5 2. Nf3 Nc6 3. d4 exd4 4. Bc4 Bb4+ 5. c3 dxc3 6. bxc3 Ba5 7. Qb3 Qe7 8.
O-O h6 9. Ba3 Qf6 10. e5 Qg6 11. Nh4 Qh5 12. Nf3 Nge7 13. Re1 O-O 14. Re4 Bb6
15. Bd3 g5 16. h3 Qg6 17. Qc2 Re8 18. h4 g4 19. Nh2 d5 20. Rxg4 Qxg4 21. Nxg4
Bxg4 22. Bc1 Nxe5 23. Na3 N7g6 24. Bf5 Nxh4 25. Bxg4 Nxg4 26. Be3 Nxe3 27. fxe3
Rxe3 28. Kh1 c6 29. Rf1 Rae8 30. Qf2 Rh3+ 31. gxh3 Bxf2 32. Rxf2 Re3 33. Kh2
Rxc3 34. Nb1 Rd3 35. Nd2 Rxd2 0-1

[Event "45th IT Bosna 2015"]
[Site "Sarajevo"]
[Date "2015.05.31"]
[Round "2.55"]
[White "Selimovic, Amir"]
[Black "Arda, Dogasu"]
[Result "1-0"]
[WhiteElo "1936"]
[BlackElo "1529"]
[PlyCount "67"]
[EventDate "2015.05.30"]

1. e4 e5 2. Nf3 Nc6 3. Bc4 Bc5 4. c3 Nf6 5. d3 d6 6. Bb3 a6 7. h3 O-O 8. Bg5
Be6 9. Nbd2 Ba7 10. Nf1 h6 11. Bh4 Na5 12. Bc2 b5 13. Ng3 Re8 14. Nh5 g5 15.
Nxg5 Nd7 16. Nxe6 Qxh4 17. g3 Qe7 18. Qg4+ Qg5 19. Nxg5 hxg5 20. Qxd7 Bb6 21.
Nf6+ Kf8 22. Nxe8 Rxe8 23. b4 Nb7 24. Bb3 Re7 25. Qc8+ Re8 26. Qxb7 a5 27. Qd5
Re7 28. g4 Re6 29. bxa5 Bxa5 30. Qa8+ Re8 31. Qxa5 c6 32. Qc7 Re7 33. Qd8+ Re8
34. Qf6 1-0

[Event "45th IT Bosna 2015"]
[Site "Sarajevo"]
[Date "2015.05.31"]
[Round "2.56"]
[White "Celik, Eda"]
[Black "Hadziselimovic, Bernardina"]
[Result "1-0"]
[WhiteElo "1615"]
[BlackElo "1935"]
[PlyCount "88"]
[EventDate "2015.05.30"]

1. e4 c5 2. Nf3 g6 3. d4 Bg7 4. d5 d6 5. Nc3 Nf6 6. Bb5+ Bd7 7. a4 O-O 8. h3
Bxb5 9. axb5 Nbd7 10. O-O Nb6 11. Re1 Nfd7 12. Bf4 Nc4 13. Qe2 Nxb2 14. e5 Nb6
15. Ra2 N2c4 16. Rd1 Qc7 17. exd6 exd6 18. Na4 Rfe8 19. Qd3 Nxa4 20. Qxc4 Nb2
21. Rxb2 Bxb2 22. c3 Qa5 23. Bd2 a6 24. b6 Qb5 25. Qa2 Qd3 26. Qxb2 Re2 27. Qa2
Rae8 28. Qb3 c4 29. Qa4 Qe4 30. Be3 Qe7 31. Qxc4 Rb2 32. Qd3 a5 33. Ra1 Ra8 34.
c4 a4 35. Qd4 a3 36. Bg5 Qe2 37. Bf6 a2 38. Qxb2 Qxc4 39. Bh8 Kf8 40. Qg7+ Ke8
41. Qg8+ Kd7 42. Qxf7+ Kd8 43. Qg8+ Kd7 44. Qxa8 Qxd5 1-0

[Event "45th IT Bosna 2015"]
[Site "Sarajevo"]
[Date "2015.05.31"]
[Round "2.59"]
[White "Sinanovic, Ermin"]
[Black "Lakota, Izet"]
[Result "1-0"]
[WhiteElo "1930"]
[BlackElo "1790"]
[PlyCount "73"]
[EventDate "2015.05.30"]

1. e4 d5 2. exd5 Qxd5 3. Nc3 Qd8 4. d4 g6 5. Nf3 Bg7 6. Bf4 Bg4 7. d5 Nf6 8. h3
Bc8 9. Bc4 a6 10. a4 b6 11. Ne5 O-O 12. O-O Bb7 13. Re1 Nfd7 14. Ng4 h5 15.
Nh6+ Kh7 16. Nf5 gxf5 17. Qxh5+ Kg8 18. Re3 Nf6 19. Qxf5 Bc8 20. Qg5 Nh7 21.
Qg3 Bf5 22. Bxc7 Qd7 23. Rae1 Re8 24. Bxb6 Bxc2 25. Bd4 f6 26. Bc5 Qc8 27. Rxe7
Rxe7 28. Rxe7 Ng5 29. Rc7 Qe8 30. h4 Nd7 31. hxg5 fxg5 32. d6+ Kh8 33. Qh3+ Bh7
34. Rxd7 Qe1+ 35. Bf1 Qe5 36. Qe3 Qf6 37. Rxg7 1-0

[Event "45th IT Bosna 2015"]
[Site "Sarajevo"]
[Date "2015.05.31"]
[Round "3.1"]
[White "Gazik, Viktor"]
[Black "Markus, Robert"]
[Result "1/2-1/2"]
[WhiteElo "2445"]
[BlackElo "2628"]
[PlyCount "56"]
[EventDate "2015.05.30"]

1. e4 d6 2. d4 Nf6 3. Nc3 e5 4. Nf3 Nbd7 5. Bc4 Be7 6. O-O O-O 7. Qe2 c6 8. a4
exd4 9. Nxd4 Re8 10. Bg5 Ne5 11. Bb3 h6 12. Be3 Bf8 13. h3 Ng6 14. Rad1 Qe7 15.
Qf3 Nh4 16. Qf4 g5 17. Qg3 Nxe4 18. Nxe4 Qxe4 19. Rde1 Qg6 20. f4 d5 21. fxg5
hxg5 22. Qxg5 Qxg5 23. Bxg5 Rxe1 24. Rxe1 Nf5 25. Bf6 Nxd4 26. Bxd4 c5 27. Bf2
c4 28. Ba2 Be6 1/2-1/2